000 00566nam a22002177a 4500
003 UA-OsUOA
001 38453
007 ta
008 20060510b un ||||| |||| 00| 0 ukr d
100 _aМостовой Юрій
090 _a82
_bМ11
942 _cSA
040 _aUA-OsUOA
_bukr
_cUA-OsUOA
_dUA-OsUOA
245 _aПоет, до якого не можна бути байдужим
300 _a12 с.
955 _a0
041 _aukr
080 _a82
773 0 _w38451
650 7 _a82 Література. Літературознавство
_2UDC
999 _c324606
_d324606